BIBLIOTECA

SENCICO

Administración de recursos humanos (Registro nro. 1535)

Detalles MARC
000 -LEADER
fixed length control field 00596nam a2200253Ia 4500
005 - DATE AND TIME OF LATEST TRANSACTION
control field 20251020182514.0
008 - FIXED-LENGTH DATA ELEMENTS--GENERAL INFORMATION
fixed length control field 200515s9999 xx 000 0 und d
020 ## - INTERNATIONAL STANDARD BOOK NUMBER
International Standard Book Number 968-880-949-7
082 ## - DEWEY DECIMAL CLASSIFICATION NUMBER
Classification number 658.311/M77
100 ## - MAIN ENTRY--PERSONAL NAME
Personal name Noe, Robert M.
100 ## - MAIN ENTRY--PERSONAL NAME
Personal name Wayne MondyY, R.
245 #0 - TITLE STATEMENT
Title Administración de recursos humanos
250 ## - EDITION STATEMENT
Edition statement 6a ed.
260 ## - PUBLICATION, DISTRIBUTION, ETC.
Place of publication, distribution, etc. México, D.F.
260 ## - PUBLICATION, DISTRIBUTION, ETC.
Name of publisher, distributor, etc. Prentice-Hall
260 ## - PUBLICATION, DISTRIBUTION, ETC.
Date of publication, distribution, etc. 1997
300 ## - PHYSICAL DESCRIPTION
Extent 661 p.
300 ## - PHYSICAL DESCRIPTION
Other physical details il.; tbls.
500 ## - GENERAL NOTE
General note 1 ejemplar
650 ## - SUBJECT ADDED ENTRY--TOPICAL TERM
Topical term or geographic name entry element ADMINISTRACION
650 ## - SUBJECT ADDED ENTRY--TOPICAL TERM
Topical term or geographic name entry element RECURSOS HUMANOS
942 ## - ADDED ENTRY ELEMENTS (KOHA)
Koha item type Libros
Existencias
Fecha de la última vez que lo usaron Pago total Signatura topográfica completa Código de barras Precio efectivo desde Tipo de documento Estado perdido Estado dañado No es para préstamo Retirado Ubicación permanente Ubicación actual Fecha de adquisición
15/05/2020   658.311/M77 Bib-Lima15051535 15/05/2020 Libros         Biblioteca Central Lima Biblioteca Central Lima 15/05/2020